Export competitiveness of selected agricultural commodities (Record no. 40811)

MARC details
000 -LEADER
fixed length control field 00305nam a2200109Ia 4500
082 ## - DEWEY DECIMAL CLASSIFICATION NUMBER
Classification number 338.43.01
Item number GUL;1
100 ## - MAIN ENTRY--AUTHOR NAME
Personal name Gulati, Ashok
245 #0 - TITLE STATEMENT
Title Export competitiveness of selected agricultural commodities
260 ## - PUBLICATION, DISTRIBUTION, ETC. (IMPRINT)
Place of publication New Delhi
Name of publisher NCAER
Year of publication 1994
942 ## - ADDED ENTRY ELEMENTS (KOHA)
Koha item type Books
Holdings
Withdrawn status Lost status Damaged status Not for loan Home library Current library Date acquired Cost, normal purchase price Full call number Accession Number Koha item type
        RRII Library RRII Library 16/12/2021 225.00 338.43.01 GUL;1 21106 Books